Síť gymnázií, středních odborných škol a konzervatoří České socialistické republiky 1989/1990

Enregistré dans:
Détails bibliographiques
Format: Livre
Langue:tchèque
Publié: Praha Ústav školských informací při MŠ ČSR 1990
Tags: Ajouter un tag
Pas de tags, Soyez le premier à ajouter un tag!

MARC

LEADER 00000nam a2200000 4500
001 c036851
005 20251111090903.0
041 0 |a cze 
044 |a CZ 
245 1 0 |a Síť gymnázií, středních odborných škol a konzervatoří České socialistické republiky 1989/1990 
264 1 |a Praha  |b Ústav školských informací při MŠ ČSR  |c 1990 
300 |a 217 s.